<?xml version="1.0" encoding="UTF-8"?><?xml-stylesheet type="text/xsl" href="static/style.xsl"?><OAI-PMH xmlns="http://www.openarchives.org/OAI/2.0/" xmlns:xsi="http://www.w3.org/2001/XMLSchema-instance" xsi:schemaLocation="http://www.openarchives.org/OAI/2.0/ http://www.openarchives.org/OAI/2.0/OAI-PMH.xsd"><responseDate>2026-04-18T06:04:53Z</responseDate><request verb="GetRecord" identifier="oai:www.recercat.cat:10230/5273" metadataPrefix="marc">https://recercat.cat/oai/request</request><GetRecord><record><header><identifier>oai:recercat.cat:10230/5273</identifier><datestamp>2025-12-23T20:54:25Z</datestamp><setSpec>com_2072_6</setSpec><setSpec>col_2072_452954</setSpec></header><metadata><record xmlns="http://www.loc.gov/MARC21/slim" xmlns:dcterms="http://purl.org/dc/terms/" xmlns:xsi="http://www.w3.org/2001/XMLSchema-instance" xmlns:doc="http://www.lyncode.com/xoai" xsi:schemaLocation="http://www.loc.gov/MARC21/slim http://www.loc.gov/standards/marcxml/schema/MARC21slim.xsd">
   <leader>00925njm 22002777a 4500</leader>
   <datafield ind2=" " ind1=" " tag="042">
      <subfield code="a">dc</subfield>
   </datafield>
   <datafield ind2=" " ind1=" " tag="720">
      <subfield code="a">Pagà Peris, Roger</subfield>
      <subfield code="e">author</subfield>
   </datafield>
   <datafield ind2=" " ind1=" " tag="720">
      <subfield code="a">Pelegrina Blasco, Manel</subfield>
      <subfield code="e">author</subfield>
   </datafield>
   <datafield ind2=" " ind1=" " tag="720">
      <subfield code="a">Valls Palleja, Marc</subfield>
      <subfield code="e">author</subfield>
   </datafield>
   <datafield ind2=" " ind1=" " tag="720">
      <subfield code="a">Zheng, Xiang</subfield>
      <subfield code="e">author</subfield>
   </datafield>
   <datafield ind2=" " ind1=" " tag="260">
      <subfield code="c">2012-07-11T02:16:05Z</subfield>
   </datafield>
   <datafield ind2=" " ind1=" " tag="260">
      <subfield code="c">2012-07-11T02:16:05Z</subfield>
   </datafield>
   <datafield ind2=" " ind1=" " tag="260">
      <subfield code="c">2009-11-11T16:21:53Z</subfield>
   </datafield>
   <datafield ind2=" " ind1=" " tag="260">
      <subfield code="c">2012-07-10T07:27:39Z</subfield>
   </datafield>
   <datafield ind2=" " ind1=" " tag="520">
      <subfield code="a">Este trabajo nace de la idea de que el  sistema de recogida selectiva de residuos en Barcelona puede mejorarse. Para respaldar esta hipótesis previa, hemos utilizado tanto datos de organismos oficiales (La EMMA o el Ayuntamiento de BCN por citar algunos de los más relevantes) como encuestas realizados por nosotros mismos y que han sido distribuidas a una muestra de aproximadamente 180 personas de la ciudadcondal.Con la información obtenida de estas fuentes, podemos afirmar que, definitivamente, estábamos en lo correcto: el sistema puede mejorarse.En este punto es necesario ser precisos y explicar qué entendemos por mejorar.Concretamente, lo que nosotros queremos hacer es incrementar el porcentaje de cantidad recogida de papel-cartón, vidrio y envases ligeros sobre el total consumido deestos materiales. Este será nuestro objetivo durante todo el estudio. Y, como el lectordescubrirá, hemos propuesto dos vías para conseguir tal cosa: incrementar el número decontenedores (método extensivo) o implementar una nueva tecnología (métodointensivo). El planteamiento y desarrollo de estas dos propuestas será la piedra angulardel trabajo.Ahora bien, a modo de anticipo, ¿qué podemos decirle al lector sobre estas vías?¿Consiguen el objetivo que se proponen? ¿Son aplicables? La respuesta es que, como severá a lo largo de estas páginas, el método extensivo consigue efectivamente incrementar el porcentaje de cantidad recogida mientras que la vía intensiva, aunque tiene la ventaja de que es capaz de reducir los costes que se derivan del proceso (costesde transporte…) y es consecuente con políticas de sostenibilidad medioambiental (higieniza los residuos, reduce enormemente los desechos destinados a depósitoscontrolados e incineradoras) presenta la gran desventaja de que precisamente por seruna tecnología nueva, no hay suficientes datos para estudiar su comportamiento en unperiodo de tiempo largo. Por tanto, en este estudio se abogará por la estrategia extensiva, en pos de mostrar un análisis más coherente y de implementación rápida.</subfield>
   </datafield>
   <datafield tag="653" ind2=" " ind1=" ">
      <subfield code="a">Residus - Eliminació</subfield>
   </datafield>
   <datafield tag="653" ind2=" " ind1=" ">
      <subfield code="a">Reciclatge (Residus, etc.)</subfield>
   </datafield>
   <datafield tag="653" ind2=" " ind1=" ">
      <subfield code="a">338 - Situació econòmica. Política econòmica. Gestió, control i planificació de l&amp;apos;economia. Producció. Serveis. Turisme. Preus</subfield>
   </datafield>
   <datafield ind2="0" ind1="0" tag="245">
      <subfield code="a">SOSelectiva</subfield>
   </datafield>
</record></metadata></record></GetRecord></OAI-PMH>